000 00834cam a2200205 4500
001 WB3618-02
008 000000n2000 000 0 eng u
035 _a(Sirsi) u105826
245 _aUnderpinning a thing of the past?
260 _c2000
490 _aNew Civil Engineer
_v(1353) 4 May 2000, 7(1)
520 _aDiscusses a new masonry reinforcement technique which could do away with the need for underpinning except in extreme cases of subsidence. The method is discussed in "Masonry crack damage: its origin, diagnosis, philosophy and a basis for repair" by Cook, Ledbetter, Ring and Wenzel on http://www.ice.org.uk.
590 _aWB
650 _aUNDERPINNING
650 _aSUBSIDENCE
650 _aMASONRY REINFORCEMENT
650 _aBUILDING DEFECTS
690 _aBUILT ENVIRONMENT-BUILDING PATHOLOGY
942 _n0
999 _c63369
_d63369